[Event "Tourn. n9465"]
[Site "www.chess-mail.com"]
[Date "2017.09.15"]
[Round "1"]
[White "Samyaksamadh"]
[Black "Julian"]
[WhiteElo "1619"]
[BlackElo "1560"]
[Result "1-0"]
[Round "1"]
1.e4 d6
2.d4 Ng8f6
3.Nb1c3 Nb8d7
4.Ng1f3 e5
5.Bf1c4 Bf8e7
6.O-O O-O
7.Rf1e1 c6
8.a4 Qd8c7
9.a5 Rf8d8
10.Qd1e2 Nd7f8
11.h3 Bc8e6
12.Bc1e3 Be6xc4
13.Qe2xc4 Nf8e6
14.dxe5 dxe5
15.Nf3g5 Ne6xg5
16.Be3xg5 Rd8d4
17.Qc4e2 Ra8d8
18.Bg5e3 Rd4d7
19.Be3xa7 Rd7d2
20.Qe2e3 Rd2xc2
21.Ba7b6 Qc7d7
22.Bb6xd8 Be7xd8
23.Re1d1 Qd7e7
{ time. }
1-0

[Event "Tourn. n9461"]
[Site "www.chess-mail.com"]
[Date "2017.09.15"]
[Round "1"]
[White "Picifarkinca"]
[Black "Ditto"]
[WhiteElo "1940"]
[BlackElo "1860"]
[Result "1/2-1/2"]
[Round "1"]
1.b4 e5
2.Bc1b2 d6
3.g3 Bc8f5
4.Bf1g2 Ng8f6
5.d3 Nb8d7
6.Nb1d2 Nd7b6
7.c4 Bf8e7
8.a4 O-O
9.a5 Nb6d7
10.Bg2xb7 Ra8b8
11.a6 Nd7b6
12.Nd2b3 Nf6g4
13.b5 Bf5e6
14.Nb3a5 Be6d7
15.h3 Ng4f6
16.Na5c6 Bd7xc6
17.Bb7xc6 Qd8c8
18.e3 Qc8f5
19.Qd1f3 Qf5xd3
20.Qf3e2 Qd3xe2
21.Ng1xe2 Nb6xc4
22.Bb2c3 Nc4b6
23.O-O { draw }
1/2-1/2

[Event "Tourn. n9446"]
[Site "www.chess-mail.com"]
[Date "2017.09.15"]
[Round "1"]
[White "Pdebonis"]
[Black "Senitram"]
[WhiteElo "2690"]
[BlackElo "2630"]
[Result "1/2-1/2"]
[Round "1"]
1.e4 c5
2.Ng1f3 e6
3.d4 cxd4
4.Nf3xd4 Ng8f6
5.Nb1c3 Nb8c6
6.Nd4b5 d6
7.Bc1f4 e5
8.Bf4g5 a6
9.Nb5a3 b5
10.Bg5xf6 gxf6
11.Nc3d5 f5
12.Bf1d3 Bc8e6
13.O-O Bf8g7
14.Qd1h5 f4
15.c4 bxc4
16.Bd3xc4 O-O
17.Ra1c1 Ra8b8
18.b3 Qd8a5
19.Na3b1 Qa5xa2
20.b4 Qa2b2
21.Nb1c3 Rb8xb4
22.Rc1b1 Qb2xb1
23.Rf1xb1 Rb4xc4
24.Qh5e2 Rc4c5
25.Qe2xa6 h6
26.Rb1b5 Nc6d4
27.Rb5xc5 dxc5
28.Qa6a7 f3
29.gxf3 Nd4xf3
30.Kg2 Nf3e1
31.Kf1 Ne1f3
32.Qa7xc5 Kh7
33.Kg2 Nf3e1
{ draw }
1/2-1/2

[Event "Tourn. n9504"]
[Site "www.chess-mail.com"]
[Date "2017.09.15"]
[Round "1"]
[White "Picifarkinca"]
[Black "Scasan55"]
[WhiteElo "2080"]
[BlackElo "2030"]
[Result "1/2-1/2"]
[Round "1"]
1.d4 e6
2.e4 d5
3.Nb1d2 Nb8c6
4.c3 b6
5.Bf1b5 Bc8d7
6.Qd1a4 Qd8c8
7.Bb5xc6 Ra8b8
8.Bc6xd7 Qc8xd7
9.Qa4xd7 Kxd7
10.Ng1e2 Ng8e7
11.O-O Ne7g6
12.exd5 { draw }
1/2-1/2

[Event "Tourn. n9521"]
[Site "www.chess-mail.com"]
[Date "2017.09.15"]
[Round "1"]
[White "Caspito"]
[Black "Prize64"]
[WhiteElo "1880"]
[BlackElo "1790"]
[Result "0-1"]
[Round "1"]
1.e4 c5
2.b3 d5
3.e5 Nb8c6
4.Bf1b5 Bc8d7
5.Bc1b2 Nc6xe5
6.Bb5xd7 Ne5xd7
7.c3 Ng8f6
8.Ng1f3 e5
9.d3 Bf8d6
10.O-O O-O
11.Qd1c2 h6
12.Nb1a3 a6
13.Nf3h4 e4
14.dxe4 dxe4
15.Nh4f5 Bd6c7
16.Ra1d1 Qd8b8
17.c4 Bc7xh2
18.Kh1 Bh2e5
19.Qc2e2 Be5xb2
20.Qe2xb2 Qb8f4
21.Nf5g3 Qf4h4
{ resign }
0-1

[Event "Tourn. n9473"]
[Site "www.chess-mail.com"]
[Date "2017.09.15"]
[Round "1"]
[White "Mitja"]
[Black "Liencam2"]
[WhiteElo "2040"]
[BlackElo "2220"]
[Result "1/2-1/2"]
[Round "1"]
1.d4 Ng8f6
2.e3 g6
3.h3 d5
4.c3 c5
5.dxc5 e5
6.b4 Bc8e6
7.a3 Bf8g7
8.Bc1b2 Nb8d7
9.Nb1d2 a5
10.Ng1f3 b6
11.cxb6 Nd7xb6
12.Bf1b5 Be6d7
13.Bb5xd7 Nb6xd7
14.Nd2b3 a4
15.Nb3a5 Ra8xa5
16.bxa5 Qd8xa5
17.O-O O-O
18.Ra1b1 e4
19.Nf3d4 Nd7e5
20.Qd1d2 Ne5c4
21.Qd2c2 Nf6d7
22.Nd4c6 Qa5c7
23.Nc6d4 Nd7c5
24.Rf1d1 Nc5d3
25.Bb2c1 Nc4b6
26.Bc1d2 Rf8c8
27.Nd4b5 Qc7e7
28.Nb5d4 Qe7f6
29.Bd2e1 Nb6c4
30.Rd1xd3 Nc4xa3
31.Qc2xa4 Na3xb1
32.Rd3d1 Qf6b6
33.Qa4b5 Bg7xd4
34.Rd1xb1 Qb6xb5
35.Rb1xb5 Bd4xc3
36.Be1xc3 Rc8xc3
37.Rb5xd5 Rc3c4
38.Rd5d4 Rc4xd4
39.exd4 f5
40.Kf1 Kf7
41.Ke2 Ke6
42.Ke3 g5
43.g3 Kd5
44.h4 h6
45.h5 f4
46.gxf4 gxf4
47.Kxf4 Kxd4
48.Kf5 { draw }
1/2-1/2

[Event "Tourn. n9451"]
[Site "www.chess-mail.com"]
[Date "2017.09.15"]
[Round "1"]
[White "Claymil"]
[Black "Ditto"]
[WhiteElo "2080"]
[BlackElo "1860"]
[Result "1-0"]
[Round "1"]
1.c4 e5
2.Nb1c3 Nb8c6
3.g3 Bf8b4
4.Bf1g2 d6
5.e3 Ng8f6
6.Ng1e2 Bc8g4
7.f3 Bg4e6
8.b3 O-O
9.O-O Qd8d7
10.Bc1b2 Ra8b8
11.a3 Bb4c5
12.d4 exd4
13.exd4 Bc5b6
14.Kh1 Be6f5
15.Nc3a4 Rf8e8
16.Na4xb6 axb6
17.g4 Bf5g6
18.Ne2f4 Nc6d8
19.h4 Nd8c6
20.Qd1d2 h6
21.Nf4xg6 fxg6
22.Ra1e1 Nc6a5
23.Qd2c2 Qd7f7
24.d5 c6
25.b4 Na5xc4
26.Qc2xc4 cxd5
27.Qc4d4 Qf7c7
28.Re1xe8 Rb8xe8
29.Kh2 Qc7c6
30.Kh3 Re8e7
31.Qd4d3 Qc6d7
32.Qd3xg6 Re7e6
33.Qg6d3 b5
34.Bb2xf6 Re6xf6
35.Qd3xd5 Rf6f7
36.Rf1e1 Kf8
37.Bg2f1 Qd7c7
38.Bf1xb5 Qc7b8
39.Re1e8 Qb8xe8
40.Bb5xe8 Kxe8
41.Kg3 { resign }
1-0

[Event "Tourn. n9439"]
[Site "www.chess-mail.com"]
[Date "2017.09.15"]
[Round "1"]
[White "Cal"]
[Black "Osopanda"]
[WhiteElo "1700"]
[BlackElo "1600"]
[Result "1-0"]
[Round "1"]
1.c4 d6
2.d4 Ng8f6
3.Nb1c3 Nb8d7
4.Ng1f3 e5
5.dxe5 dxe5
6.Bc1g5 Bf8e7
7.e4 c6
8.Bf1d3 O-O
9.a3 Qd8c7
10.Bg5xf6 Nd7xf6
11.h3 h6
12.b4 Bc8e6
13.O-O Ra8d8
14.a4 Be6xc4
15.Nf3e1 Bc4xd3
16.Ne1xd3 Be7xb4
17.Nc3e2 Nf6xe4
18.Qd1b3 Bb4e7
19.Qb3c2 Qc7d6
20.Ra1d1 Qd6g6
21.Nd3xe5 Qg6f5
22.Rd1xd8 Rf8xd8
23.f4 Be7c5
24.Kh2 Rd8d2
25.Qc2c4 b5
26.axb5 cxb5
27.Qc4xb5 Bc5b6
28.Qb5c4 g5
29.g4 Qf5h7
30.f5 Ne4c5
31.Rf1f2 h5
32.gxh5 Qh7xh5
33.Ne5g4 Kg7
34.Qc4c3 Kf8
35.Qc3xd2 Nc5e4
36.Qd2b4 Ne4c5
37.Ng4e5 Kg7
38.f6 Kh6
39.Qb4c4 g4
40.Ne5xg4 Kg6
41.Ne2f4 { resign }
1-0

[Event "Tourn. n9489"]
[Site "www.chess-mail.com"]
[Date "2017.09.15"]
[Round "1"]
[White "Picifarkinca"]
[Black "Fabos12"]
[WhiteElo "2090"]
[BlackElo "2010"]
[Result "1/2-1/2"]
[Round "1"]
1.Ng1f3 d5
2.c4 d4
3.d3 Nb8c6
4.Nb1d2 Ng8f6
5.b3 Bc8g4
6.e3 e6
7.Bf1e2 Bg4xf3
8.Nd2xf3 dxe3
9.Bc1xe3 { draw }
1/2-1/2

[Event "Tourn. n9449"]
[Site "www.chess-mail.com"]
[Date "2017.09.15"]
[Round "1"]
[White "Julian"]
[Black "Vios"]
[WhiteElo "1490"]
[BlackElo "1199"]
[Result "0-1"]
[Round "1"]
1.e4 c5
2.Ng1f3 d6
3.d4 cxd4
4.Nf3xd4 g6
5.Bf1c4 Bf8g7
6.Bc1e3 Ng8f6
7.Nb1d2 O-O
8.O-O Nb8c6
9.Nd4xc6 bxc6
10.f4 d5
11.exd5 cxd5
12.Bc4b3 Bc8a6
13.Rf1f3 Nf6g4
14.Be3c5 Bg7xb2
15.Ra1b1 Bb2g7
16.c4 d4
17.Nd2e4 Ng4e3
18.Qd1d2 Ne3xc4
19.Bb3xc4 Ba6xc4
20.Rb1b7 Rf8e8
21.f5 Qd8d5
22.fxg6 hxg6
23.Qd2f4 Qd5xb7
24.Ne4d2 Bc4d5
25.Rf3g3 e5
26.Qf4h4 Qb7b2
27.Nd2b3 Bd5xb3
28.axb3 Qb2c1
{ resign }
0-1

[Event "Tourn. n9511"]
[Site "www.chess-mail.com"]
[Date "2017.09.15"]
[Round "1"]
[White "Picifarkinca"]
[Black "Ditto"]
[WhiteElo "2080"]
[BlackElo "1900"]
[Result "1/2-1/2"]
[Round "1"]
1.b3 d5
2.Bc1b2 Ng8f6
3.e3 Bc8f5
4.d3 e6
5.g3 Bf8b4
6.Nb1d2 Nb8c6
7.Bf1g2 { draw }
1/2-1/2

[Event "Tourn. n9449"]
[Site "www.chess-mail.com"]
[Date "2017.09.15"]
[Round "1"]
[White "Begory"]
[Black "Julian"]
[WhiteElo "999"]
[BlackElo "1570"]
[Result "1-0"]
[Round "1"]
1.d4 d6
2.Bc1f4 Nb8d7
3.Nb1c3 Ng8f6
4.e3 e5
5.dxe5 dxe5
6.Bf4g5 Bf8e7
7.Bg5xf6 Nd7xf6
8.Ng1f3 e4
9.Qd1xd8 Kxd8
10.Nf3g5 Ke8
{ time. }
1-0

[Event "Tourn. n9446"]
[Site "www.chess-mail.com"]
[Date "2017.09.15"]
[Round "1"]
[White "Greghghs"]
[Black "Pdebonis"]
[WhiteElo "2540"]
[BlackElo "2640"]
[Result "1/2-1/2"]
[Round "1"]
1.d4 Ng8f6
2.c4 e6
3.Nb1c3 Bf8b4
4.e3 O-O
5.Bf1d3 d5
6.Ng1f3 c5
7.O-O Nb8c6
8.a3 Bb4xc3
9.bxc3 Qd8c7
10.Bc1b2 Nc6a5
11.cxd5 exd5
12.Nf3e5 Rf8e8
13.Rf1e1 b6
14.f3 Bc8b7
15.Qd1e2 Ra8d8
16.Qe2f2 h6
17.Ra1d1 c4
18.Bd3c2 Na5c6
19.Ne5xc6 Bb7xc6
20.a4 Re8e6
21.Bb2a3 g6
22.Rd1d2 Qc7d7
23.Qf2h4 Kg7
24.Rd2e2 Rd8e8
{ draw }
1/2-1/2

[Event "Tourn. n9465"]
[Site "www.chess-mail.com"]
[Date "2017.09.15"]
[Round "1"]
[White "Vios"]
[Black "Julian"]
[WhiteElo "1559"]
[BlackElo "1560"]
[Result "1-0"]
[Round "1"]
1.e4 d6
2.d4 Ng8f6
3.Nb1c3 Nb8d7
4.f4 e5
5.Ng1f3 c6
6.Bf1c4 Bf8e7
7.O-O O-O
8.dxe5 dxe5
9.fxe5 Nf6g4
10.Bc1f4 b5
11.Bc4b3 Qd8b6
12.Kh1 Rf8d8
13.Qd1e2 Nd7f8
14.h3 Ng4h6
15.Bf4xh6 gxh6
16.Nf3h2 Bc8e6
17.Bb3xe6 Nf8xe6
18.Qe2h5 Ne6g5
19.h4 Rd8f8
20.hxg5 Be7xg5
21.Nh2g4 f5
{ time. }
1-0

[Event "Tourn. n9485"]
[Site "www.chess-mail.com"]
[Date "2017.09.15"]
[Round "1"]
[White "Julian"]
[Black "Pachi"]
[WhiteElo "1590"]
[BlackElo "1540"]
[Result "0-1"]
[Round "1"]
1.e4 e5
2.Ng1f3 d6
3.d4 f6
4.Nb1c3 Bc8g4
5.Bf1e2 Bg4xf3
6.Be2xf3 c6
7.O-O Qd8b6
8.Rf1e1 exd4
9.Nc3e2 c5
10.Bc1f4 g5
11.Bf4g3 Nb8d7
12.b3 O-O-O
13.Bf3g4 { time. }
0-1

[Event "Match"]
[Site "www.echecsemail.com"]
[Date "2017.09.15"]
[Round "1"]
[White "Begory"]
[Black "Cjood"]
[WhiteElo "1429"]
[BlackElo "1820"]
[Result "0-1"]
[Round "1"]
1.d4 Ng8f6
2.Bc1f4 d6
3.Nb1c3 b6
4.d5 Bc8b7
5.Ng1f3 c6
6.dxc6 Bb7xc6
7.e3 h6
8.Bf1b5 Qd8c7
9.Bb5xc6 Nb8xc6
10.O-O g5
11.Rf1e1 gxf4
12.exf4 O-O-O
13.Nc3b5 Qc7b7
14.Qd1d3 Nc6b4
15.Qd3c4 Nb4c6
16.Nf3d4 Kd7
17.Qc4xf7 Nc6xd4
18.Nb5xd4 Rh8g8
19.Qf7e6 Ke8
20.Qe6xf6 Qb7xg2

0-1

[Event "Match"]
[Site "www.echecsemail.com"]
[Date "2017.09.15"]
[Round "1"]
[White "Alieno"]
[Black "Sykdalion"]
[WhiteElo "1499"]
[BlackElo "1499"]
[Result "0-1"]
[Round "1"]
1.d4 d5
2.Ng1f3 Nb8c6
3.e3 Bc8g4
4.Nb1d2 Ng8f6
5.c3 e5
6.dxe5 Nc6xe5
7.Bf1e2 Bf8d6
8.O-O O-O
9.Qd1c2 a6
10.Rf1e1 Rf8e8
11.h3 Bg4h5
12.Nf3xe5 Bd6xe5
13.Be2xh5 Nf6xh5
 { time }
0-1

[Event "Match"]
[Site "www.echecsemail.com"]
[Date "2017.09.15"]
[Round "1"]
[White "Begory"]
[Black "Billyg"]
[WhiteElo "999"]
[BlackElo "1770"]
[Result "1-0"]
[Round "1"]
1.d4 d6
2.Bc1f4 Nb8c6
3.d5 Nc6a5
4.Nb1c3 Na5c4
5.Nc3b5 Nc4xb2
6.Qd1d4 c5
7.Qd4xb2 a6
8.Nb5c3 Ng8f6
9.O-O-O e5
10.dxe6 Bc8xe6
11.Ng1f3 Qd8c7
12.e4 O-O-O
13.e5 Nf6g4
14.exd6 Bf8xd6
15.Bf4e3 Rh8e8
16.h3 Ng4e5
17.Nf3xe5 Bd6xe5
18.Be3d2 Qc7c6
19.Qb2a3 Be5d6
20.Kb2 c4
21.Qa3a4 Qc6b6
22.Kc1 Qb6xf2
23.Nc3e4 Qf2b6
24.Bd2a5 Qb6b5
25.Qa4xb5 axb5
26.Ba5xd8 Bd6f4
27.Kb1 Re8xd8
28.Rd1xd8 Kxd8
29.g3 Bf4e5
30.Bf1g2 Be6d5
31.Rh1d1 { resign }
1-0

[Event "Match"]
[Site "www.echecsemail.com"]
[Date "2017.09.15"]
[Round "1"]
[White "Silikon"]
[Black "Calponas"]
[WhiteElo "1900"]
[BlackElo "2030"]
[Result "0-1"]
[Round "1"]
1.d4 Ng8f6
2.c4 g6
3.Nb1c3 d5
4.b3 Bf8g7
5.Bc1a3 O-O
6.Ng1f3 Rf8e8
7.e3 c6
8.Bf1d3 Bc8f5
9.Bd3xf5 { time. }
0-1

[Event "Match"]
[Site "www.echecsemail.com"]
[Date "2017.09.15"]
[Round "1"]
[White "Cjood"]
[Black "Bojan"]
[WhiteElo "1820"]
[BlackElo "2010"]
[Result "0-1"]
[Round "1"]
1.g3 c6
2.b3 Qd8b6
3.Bc1b2 Ng8f6
4.e3 d6
5.Bf1g2 e5
6.d3 Bc8g4
7.Bg2f3 Bg4e6
8.Nb1c3 Nb8d7
9.Ng1e2 d5
10.O-O O-O-O
11.a4 Bf8b4
12.Nc3a2 Bb4d6
13.Ra1b1 h5
14.h4 Rh8h7
15.Na2c1 Rd8g8
16.Bb2c3 g5
17.hxg5 Rg8xg5
18.Bf3g2 h4
19.d4 e4
20.Ne2f4 Be6g4
21.Qd1d2 h3
22.Bg2h1 h2
{ resign }
0-1

[Event "Match"]
[Site "www.echecsemail.com"]
[Date "2017.09.15"]
[Round "1"]
[White "Luzhin"]
[Black "Cjood"]
[WhiteElo "2350"]
[BlackElo "2000"]
[Result "1/2-1/2"]
[Round "1"]
1.e4 e5
2.Ng1f3 Bf8c5
3.Nf3xe5 Qd8h4
4.Qd1e2 d6
5.Ne5f3 Qh4f6
6.c3 Ng8h6
7.d4 Bc5b6
8.h3 O-O
9.g4 Nh6xg4
10.Bc1g5 Qf6g6
11.hxg4 Bc8xg4
12.Nb1d2 Rf8e8
13.Rh1h4 Bg4h5
14.Bg5e3 f5
15.Qe2c4 Kh8
16.Bf1e2 fxe4
17.Nf3g5 Bh5xe2
18.Kxe2 h6
19.Ng5f7 Kh7
20.Be3xh6 gxh6
21.Rh4xh6 { draw }
1/2-1/2

[Event "Match"]
[Site "www.echecsemail.com"]
[Date "2017.09.15"]
[Round "1"]
[White "Iko"]
[Black "Alieno"]
[WhiteElo "1630"]
[BlackElo "1499"]
[Result "1-0"]
[Round "1"]
1.e4 c6
2.e5 d5
3.Bf1d3 e6
4.Ng1f3 c5
5.Bd3b5 Nb8c6
6.Bb5xc6 bxc6
7.O-O Ng8e7
8.b3 Ne7g6
9.d3 Qd8c7
10.Bc1a3 Ng6xe5
11.Rf1e1 Bf8d6
12.Ba3xc5 Bd6xc5
13.Nf3xe5 O-O
14.d4 Bc5d6
15.c4 f6
16.Ne5g4  { time }
1-0

[Event "Match"]
[Site "www.echecsemail.com"]
[Date "2017.09.15"]
[Round "1"]
[White "Fangshuo"]
[Black "Apdash"]
[WhiteElo "2050"]
[BlackElo "1920"]
[Result "1/2-1/2"]
[Round "1"]
1.e4 c5
2.Ng1f3 d6
3.Bf1c4 Ng8f6
4.Nb1c3 g6
5.d3 Bf8g7
6.Bc1g5 O-O
7.O-O Nb8c6
8.Rf1e1 Bc8g4
9.h3 Bg4xf3
10.Qd1xf3 Nc6e5
11.Qf3e2 Ne5xc4
12.dxc4 Qd8a5
13.Nc3d5 Nf6xd5
14.cxd5 Ra8e8
15.c3 e5
16.h4 h6
17.Bg5e3 f5
18.exf5 Rf8xf5
19.Qe2g4 Kh7
20.c4 b5
21.b3 Re8f8
22.Re1e2 bxc4
23.bxc4 Qa5c3
24.Ra1b1 Qc3d3
25.Re2e1 h5
26.Qg4e2 Qd3e4
27.Be3g5 Qe4xe2
{ draw }
1/2-1/2

[Event "Match"]
[Site "www.echecsemail.com"]
[Date "2017.09.15"]
[Round "1"]
[White "Liencam2"]
[Black "Blackygrey"]
[WhiteElo "2240"]
[BlackElo "2159"]
[Result "0-1"]
[Round "1"]
1.e4 c5
2.Nb1c3 Nb8c6
3.Ng1f3 g6
4.d4 cxd4
5.Nf3xd4 Bf8g7
6.Bc1e3 d6
7.Qd1d2 Ng8f6
8.f3 O-O
9.Bf1c4 Bc8d7
10.O-O-O Ra8c8
11.Bc4b3 Nc6e5
12.Kb1 Ne5c4
13.Bb3xc4 Rc8xc4
14.g4 b5
15.Nd4xb5 Bd7xb5
16.Nc3xb5 Qd8b8
17.Qd2a5 Rf8c8
18.Rd1d2 Qb8b7
19.Nb5d4 Nf6xe4
20.fxe4 Qb7xe4
21.Nd4f5 Qe4xh1
22.Be3g1 Qh1xg1
{ resign }
0-1

[Event "Match"]
[Site "www.echecsemail.com"]
[Date "2017.09.15"]
[Round "1"]
[White "Osvalazo"]
[Black "Whitekknight"]
[WhiteElo "1850"]
[BlackElo "1940"]
[Result "0-1"]
[Round "1"]
1.e4 e5
2.Ng1f3 Nb8c6
3.Bf1c4 h6
4.c3 Ng8f6
5.d3 d6
6.Qd1b3 Qd8e7
7.Qb3b5 a6
8.Qb5b3 Nc6a5
9.Qb3a4 Na5c6
10.Bc4d5 Bc8d7
11.Qa4b3 Ra8b8
12.Bd5xc6 Bd7xc6
13.Bc1e3 b6
14.d4 Bc6xe4
15.Nb1d2 Be4g6
16.O-O Qe7d7
17.dxe5 dxe5
18.Ra1d1 Bf8d6
19.Rf1e1 O-O
20.Nd2f1 Qd7e7
21.Qb3c4 Rb8a8
22.a4 e4
23.Nf3d4 Qe7d7
24.Qc4e2 Rf8e8
25.f3 exf3
26.Qe2xf3 Bg6h5
27.Qf3f5 Bh5xd1
28.Qf5xd7 Nf6xd7
29.Re1xd1 Ra8d8
30.Nd4c6 Rd8c8
31.Nc6b4 Nd7e5
32.Nb4xa6 Ne5c4
33.Rd1e1 Nc4xb2
34.Re1e2 Nb2xa4
35.g3 Na4xc3
36.Re2e1 Rc8a8
37.Re1a1 Re8e4
38.Kf2 Re4e5
39.Nf1d2 Re5a5
40.Ra1xa5 bxa5
41.Na6c5 Nc3d1
42.Ke2 Nd1xe3
43.Kxe3 Bd6xc5
{ resign }
0-1

[Event "Match"]
[Site "www.echecsemail.com"]
[Date "2017.09.15"]
[Round "1"]
[White "Chapi"]
[Black "Liencam2"]
[WhiteElo "2190"]
[BlackElo "2250"]
[Result "0-1"]
[Round "1"]
1.d4 Ng8f6
2.c4 g6
3.Nb1c3 d5
4.cxd5 Nf6xd5
5.e4 Nd5xc3
6.bxc3 Bf8g7
7.Ng1f3 c5
8.Bf1c4 O-O
9.O-O Bc8g4
10.Qd1d3 Bg4xf3
11.Qd3xf3 cxd4
12.cxd4 Nb8c6
13.Bc1e3 Nc6xd4
14.Be3xd4 Qd8xd4
15.Ra1c1 Bg7h6
16.Rf1d1 Qd4b6
17.Rc1c3 Ra8c8
18.Bc4b3 e6
19.g3 Qb6b4
20.Rc3xc8 Rf8xc8
21.Rd1d7 Rc8f8
22.Qf3e2 Rf8c8
23.f4 Rc8c1
24.Kg2 Rc1e1
25.Qe2c2 Re1xe4
26.Qc2c7 Re4e2
27.Kh3 Qb4b5
28.Qc7d8 Bh6f8
29.Rd7c7 Qb5h5
30.Qd8h4 Qh5f5
31.g4 Qf5xf4
{ resign }
0-1

[Event "1/128 Finale"]
[Site "www.chess-mail.com"]
[Date "2017.09.15"]
[Round "1"]
[White "Julian"]
[Black "Googabeast29"]
[WhiteElo "1590"]
[BlackElo "1499"]
[Result "0-1"]
[Round "1"]
1.e4 c5
2.Ng1f3 e6
3.d4 cxd4
4.Nf3xd4 a6
5.c4 Ng8f6
6.Nb1c3 Bf8b4
7.Bf1e2 Bb4xc3
8.bxc3 Nf6xe4
9.Qd1d3 { time. }
0-1

[Event "Fast Game"]
[Site "www.echecsemail.com"]
[Date "2017.09.15"]
[Round "1"]
[White "Hennie4820"]
[Black "Cjood"]
[WhiteElo "1700"]
[BlackElo "1640"]
[Result "0-1"]
[Round "1"]
1.e4 e5
2.Ng1f3 Ng8f6
3.Nf3xe5 Nf6xe4
4.c3 d6
5.Qd1a4 Bc8d7
6.Ne5xd7 Nb8xd7
7.Qa4xe4 Bf8e7
8.d4 O-O
9.Bf1e2 c6
10.O-O Nd7f6
11.Qe4d3 Qd8c7
12.Bc1f4 Ra8e8
13.Nb1d2 Nf6d5
14.Bf4g3 Be7g5
15.Nd2e4 Bg5e7
16.Rf1e1 a6
17.a3 f5
18.Ne4d2 b5
19.Be2h5 g6
20.Bh5f3 Be7f6
21.Bf3xd5 cxd5
22.Re1e3 Re8xe3
23.Qd3xe3 Kg7
24.Ra1e1 g5
25.f4 g4
26.Qe3e6 h5
27.Qe6xf5 Bf6xd4
{ resign }
0-1

[Event "Tourn. n9500"]
[Site "www.chess-mail.com"]
[Date "2017.09.16"]
[Round "1"]
[White "Hundegana"]
[Black "Picifarkinca"]
[WhiteElo "1950"]
[BlackElo "2080"]
[Result "1/2-1/2"]
[Round "1"]
1.f4 d5
2.g3 g6
3.Bf1g2 Bf8g7
4.d3 e5
5.fxe5 Bg7xe5
6.d4 Be5g7
7.c3 Bc8f5
8.Nb1d2 Ng8f6
9.Ng1f3 Nb8d7
10.O-O O-O
11.Nf3e5 c6
{ draw }
1/2-1/2

[Event "Tourn. n9479"]
[Site "www.chess-mail.com"]
[Date "2017.09.16"]
[Round "1"]
[White "Osopanda"]
[Black "Dussek"]
[WhiteElo "1680"]
[BlackElo "1890"]
[Result "1-0"]
[Round "1"]
1.e4 e6
2.d4 d5
3.e5 c5
4.c3 Nb8c6
5.Ng1f3 Qd8b6
6.Bf1d3 Ng8e7
7.O-O cxd4
8.cxd4 Bc8d7
9.Nb1c3 Nc6xd4
10.Nf3xd4 Qb6xd4
11.Bc1e3 Qd4b4
12.Ra1c1 Qb4a5
13.Rf1e1 Ne7f5
14.Bd3xf5 exf5
15.Nc3xd5 Bf8b4
16.Nd5xb4 Qa5xb4
17.Be3c5 Qb4xb2
18.Qd1d6 { resign }
1-0

[Event "Tourn. n9526"]
[Site "www.chess-mail.com"]
[Date "2017.09.16"]
[Round "1"]
[White "Cjood"]
[Black "Mitja"]
[WhiteElo "2010"]
[BlackElo "2070"]
[Result "1-0"]
[Round "1"]
1.e3 d5
2.c4 dxc4
3.Bf1xc4 e6
4.Ng1f3 c6
5.O-O Nb8d7
6.d4 Nd7b6
7.Bc4d3 Ng8e7
8.Qd1c2 h6
9.Nf3e5 Ne7d5
10.b3 Nd5b4
11.Qc2e2 Nb4xd3
12.Qe2xd3 Nb6d5
13.e4 Nd5b4
14.Qd3f3 Qd8f6
15.Qf3xf6 gxf6
16.a3 Nb4c2
17.Ra1a2 Nc2xd4
18.Ne5g4 Nd4xb3
19.Ng4xf6 Ke7
20.Bc1b2 Bf8g7
21.e5 Bg7xf6
22.exf6 Kf8
23.Rf1d1 Ke8
24.Bb2e5 Nb3c5
25.Be5d6 Nc5d7
26.Ra2d2 b6
27.Nb1c3 Rh8g8
28.Nc3e4 Bc8b7
29.Bd6c7 Bb7c8
30.Ne4d6 Kf8
31.Nd6xc8 Ra8xc8
32.Rd2xd7 Rg8g6
33.Rd7d8 { resign }
1-0

[Event "Tourn. n9518"]
[Site "www.chess-mail.com"]
[Date "2017.09.16"]
[Round "1"]
[White "Cjood"]
[Black "Francesco"]
[WhiteElo "2000"]
[BlackElo "2130"]
[Result "0-1"]
[Round "1"]
1.f4 d5
2.Ng1f3 Bc8g4
3.e3 e6
4.Nb1c3 Ng8f6
5.Bf1e2 Nb8d7
6.Nf3d4 Bg4xe2
7.Qd1xe2 c5
8.Nd4f3 Bf8d6
9.h3 a6
10.d3 b5
11.a3 O-O
12.g4 b4
13.axb4 cxb4
14.Nc3a2 a5
15.g5 Nf6e8
16.h4 f6
17.b3 Ra8c8
18.Bc1b2 Rc8c7
19.h5 fxg5
20.Nf3xg5 Qd8e7
21.Qe2g4 Rc7xc2
22.Bb2d4 Nd7c5
23.Bd4xc5 Bd6xc5
24.Ng5xe6 Rf8f6
25.Ne6xc5 Qe7xe3
{ resign }
0-1

[Event "Tourn. n9486"]
[Site "www.chess-mail.com"]
[Date "2017.09.16"]
[Round "1"]
[White "Luban"]
[Black "Griffo30"]
[WhiteElo "2120"]
[BlackElo "2110"]
[Result "1/2-1/2"]
[Round "1"]
1.d4 Ng8f6
2.c4 e6
3.e3 d5
4.a3 c5
5.Ng1f3 Nb8c6
6.dxc5 Bf8xc5
7.b4 Bc5e7
8.Bc1b2 O-O
9.Bf1e2 b6
10.O-O Bc8b7
11.Nb1c3 dxc4
12.Be2xc4 Ra8c8
13.Bc4b3 Qd8xd1
14.Ra1xd1 Rf8d8
15.h3 h6
16.Nc3b5 a6
17.Nb5d4 Nc6xd4
18.Nf3xd4 Rd8d7
19.Nd4xe6 Rd7xd1
20.Rf1xd1 fxe6
21.Bb3xe6 Kf8
22.Be6xc8 Bb7xc8
23.Bb2xf6 gxf6
24.f3 Ke8
25.e4 a5
26.bxa5 bxa5
27.Rd1d5 Be7xa3
28.Rd5xa5 Ba3f8
29.Kf2 Kf7
30.Ke3 Bc8e6
31.f4 Kg7
32.Ra5a7 Kg8
33.Kd4 Be6f7
34.e5 fxe5
35.fxe5 Bf8b4
36.Ra7b7 Bb4f8
37.Rb7b8 Kg7
38.g4 Bf8a3
39.Rb8b7 Kf8
40.Rb7xf7 Kxf7
41.Kd5 Ke7
42.h4 Ba3c1
43.g5 hxg5
44.hxg5 Bc1xg5
45.e6 { draw }
1/2-1/2

[Event "Match"]
[Site "www.echecsemail.com"]
[Date "2017.09.16"]
[Round "1"]
[White "Cal"]
[Black "Cjood"]
[WhiteElo "1660"]
[BlackElo "1910"]
[Result "0-1"]
[Round "1"]
1.c4 e5
2.e4 Bf8c5
3.Ng1f3 Nb8c6
4.a3 a5
5.Nb1c3 f6
6.h3 Nc6d4
7.Nc3d5 c6
8.d3 cxd5
9.cxd5 Ng8e7
10.Bf1e2 Nd4xe2
11.Qd1xe2 b6
12.O-O Bc8b7
13.Bc1e3 Bc5xe3
14.Qe2xe3 Ne7g6
15.d4 exd4
16.Nf3xd4 O-O
17.Nd4f5 Ra8c8
18.Nf5d6 Rc8b8
19.f4 Bb7a8
20.Nd6f5 Qd8c7
21.d6 Qc7b7
22.b3 Qb7xe4
23.Qe3xe4 Ba8xe4
24.Nf5e7 Ng6xe7
25.dxe7 Rf8e8
26.b4 Re8xe7
27.Ra1e1 Rb8c8
28.bxa5 bxa5
29.Re1e3 d5
30.Rf1e1 Rc8c2
31.g4 Rc2c4
32.f5 g5
33.fxg6 hxg6
34.h4 Kh7
35.g5 fxg5
36.hxg5 Rc4c2
37.Re1e2 Rc2xe2
38.Re3xe2 Re7e5
39.Re2h2 Kg7
40.Rh2e2 Re5xg5
41.Kf2 Rg5f5
42.Ke3 Rf5f3
43.Kd4 Rf3xa3
44.Re2b2 a4
45.Rb2b7 Kh6
46.Rb7b6 Ra3d3
47.Ke5 Rd3b3
48.Rb6a6 a3
49.Kd4 Be4d3
50.Ra6a5 Bd3c4
51.Kc5 Rb3b5
52.Ra5xb5 Bc4xb5
53.Kxb5 a2
54.Kc5 a1Q
55.Kxd5 g5
{ resign }
0-1

[Event "Match"]
[Site "www.echecsemail.com"]
[Date "2017.09.16"]
[Round "1"]
[White "Theo64"]
[Black "Karlgrocer"]
[WhiteElo "1729"]
[BlackElo "2010"]
[Result "0-1"]
[Round "1"]
1.e4 c5
2.Nb1c3 d6
3.Ng1e2 e6
4.g3 Ng8f6
5.d3 Bf8e7
6.f4 a6
7.Bf1g2 Nb8c6
8.O-O O-O
9.Bc1e3 Bc8d7
10.Qd1d2 Ra8b8
11.Ra1e1 b5
12.Nc3d1 e5
13.Ne2c1 Nf6g4
14.fxe5 Ng4xe5
{ resign }
0-1

[Event "Match"]
[Site "www.echecsemail.com"]
[Date "2017.09.16"]
[Round "1"]
[White "Mrmoto"]
[Black "Begory"]
[WhiteElo "1690"]
[BlackElo "999"]
[Result "1-0"]
[Round "1"]
1.e4 e5
2.Ng1f3 Nb8c6
3.Bf1b5 Nc6e7
4.Nf3xe5 f6
5.Ne5f3 c6
6.Bb5a4 Qd8b6
7.O-O Ne7g6
8.c3 Bf8c5
9.d4 Bc5d6
10.Rf1e1 Qb6c7
11.a3 b5
12.Ba4b3 Bc8b7
13.c4 bxc4
14.Bb3xc4 O-O-O
15.Nb1c3 c5
16.Nc3d5 Bb7xd5
17.Bc4xd5 cxd4
18.Qd1xd4 Bd6c5
19.Qd4d2 Ng8e7
20.Bd5c4 h6
21.b4 Bc5xf2
22.Qd2xf2 Qc7xc4
23.Bc1e3 Ne7c6
24.Ra1c1 Qc4e6
25.b5 Kb7
26.bxc6 dxc6
27.Nf3d4 Qe6xe4
28.Qf2b2 Kc7
29.Rc1xc6 Kd7
30.Qb2b7 Ke8
31.Rc6e6 Qe4xe6
32.Nd4xe6 Rd8d7
33.Ne6xg7 Ke7
34.Be3c5 { resign }
1-0

[Event "Match"]
[Site "www.echecsemail.com"]
[Date "2017.09.16"]
[Round "1"]
[White "Cjood"]
[Black "Mitja"]
[WhiteElo "2010"]
[BlackElo "2070"]
[Result "1-0"]
[Round "1"]
1.b3 d6
2.Bc1b2 e5
3.d4 exd4
4.Bb2xd4 f6
5.e4 a6
6.Bf1c4 Ng8e7
7.Nb1c3 Nb8c6
8.Bd4e3 Ne7g6
9.Qd1d5 Qd8e7
10.a3 Ng6e5
11.Bc4e2 Bc8e6
12.Qd5d2 Qe7d7
13.h3 Bf8e7
14.f4 Ne5g6
15.f5 Be6xf5
16.exf5 Qd7xf5
17.Be2g4 Qf5e5
18.Ng1f3 Qe5g3
19.Kf1 Nc6e5
20.Nc3e4 Ne5xf3
21.Bg4xf3 Qg3e5
22.Be3d4 Qe5e6
23.Ra1e1 Qe6f7
24.Bd4b6 O-O-O
25.Bb6a7 Ng6e5
26.Bf3e2 f5
27.Ne4c3 f4
28.Nc3d5 Be7h4
29.Qd2c3 Bh4xe1
30.Nd5b6 
1-0

[Event "Match"]
[Site "www.echecsemail.com"]
[Date "2017.09.16"]
[Round "1"]
[White "Sykdalion"]
[Black "Iko"]
[WhiteElo "1499"]
[BlackElo "1630"]
[Result "1-0"]
[Round "1"]
1.e4 e5
2.Ng1f3 Ng8f6
3.Nf3xe5 Qd8e7
4.d4 d5
5.exd5 Nf6xd5
6.Bf1c4 Bc8e6
7.O-O Nb8d7
8.Rf1e1 f6
9.Ne5xd7 Qe7xd7
10.Qd1h5 g6
11.Qh5e2 Nd5f4
12.Bc1xf4 O-O-O
13.Bc4xe6 Qd7xe6
14.Qe2xe6 Rd8d7
15.Qe6xf6 Rh8g8
16.Re1e8 Rd7d8
17.Qf6xd8 
1-0